The 3rd Thing You Need to Know: US Presidents Quiz Stats

 Plays Quiz Updated May 18, 2018

Score 0/20 Timer 05:00
11 Plays Today
% Correct
George Washington
91.8%
Abraham Lincoln
91.5%
Franklin D. Roosevelt
90.3%
Bill Clinton
88.3%
George W. Bush
85.6%
John Adams
81.4%
Barack Obama
81.1%
Grover Cleveland
80.3%
Andrew Johnson
79.4%
William H. Harrison
78.9%
% Correct
Gerald Ford
73.2%
Harry S. Truman
71.5%
Herbert Hoover
70.5%
William H. Taft
67.3%
Zachary Taylor
60.9%
John Tyler
60.6%
Martin Van Buren
59.6%
Calvin Coolidge
57.2%
Woodrow Wilson
51.2%
Ronald Reagan
45.5%

You're not logged in!

Compare scores with friends on all Sporcle quizzes.
Join for Free
OR
Log In

Show Comments

Extras

Top Quizzes Today


Score Distribution

Your Account Isn't Verified!

In order to create a playlist on Sporcle, you need to verify the email address you used during registration. Go to your Sporcle Settings to finish the process.

Report this User

Report this user for behavior that violates our Community Guidelines.

Details: